000 00391nam a2200157Ia 4500
005 20241108140014.0
008 240126s9999 xx 000 0 und d
020 _a9789389520576
082 _a394.12 SIN;1 R
100 _aSingh, Yogesh.
245 2 _aA culinary tour of India
260 _bI K Intelnational
_aNew Delhi
_c2019
300 _axiv, 286
440 _aNULL
942 _cPU
999 _c294073
_d294073